000 00336nam a2200133Ia 4500
008 240624s9999 xx 000 0 und d
041 _aeng
082 _a954 KAK
100 _aKAKAR SUDHIR
245 _aINDIANS PORTRAIT OF A PEOPLE
260 _c2007
_aNew Delhi
_bPenguin Books India
300 _a226 : p. : cm. ; 22
365 _cRS
_b20
999 _c5578
_d5578